UK property prospects (Record no. 119136)

MARC details
000 -LEADER
fixed length control field 01050cas a22002415 4500
001 - CONTROL NUMBER
control field L139825
008 - FIXED-LENGTH DATA ELEMENTS--GENERAL INFORMATION
fixed length control field 070813c2007 xxkmr ws ss 0 a0eng u
035 ## - SYSTEM CONTROL NUMBER
System control number (Sirsi) u139825
041 0# - LANGUAGE CODE
Language code of text/sound track or separate title eng
050 ## - LIBRARY OF CONGRESS CALL NUMBER
Classification number 333.33 $2 18
110 2# - MAIN ENTRY--CORPORATE NAME
Corporate name or jurisdiction name as entry element CB Richard Ellis
9 (RLIN) 3675
245 00 - TITLE STATEMENT
Title UK property prospects
Medium [electronic resource]
260 ## - PUBLICATION, DISTRIBUTION, ETC.
Place of publication, distribution, etc. London
Name of publisher, distributor, etc. CBRE
Date of publication, distribution, etc. 2007-
362 0# - DATES OF PUBLICATION AND/OR SEQUENTIAL DESIGNATION
Dates of publication and/or sequential designation July 2007-
490 #0 - SERIES STATEMENT
Series statement CB Richard Ellis UK Property Prospects
Volume/sequential designation July 2007-
520 ## - SUMMARY, ETC.
Summary, etc. Tracks and forecasts performance in the UK commercial property market. Provides a general overview of the market and economy, commentary on the UK investment market, performance for office, retail and industrial property, UK national forecasts, and UK sector forecasts.
554 ## -
-- Monthly?
650 24 - SUBJECT ADDED ENTRY--TOPICAL TERM
Topical term or geographic name entry element CB RICHARD ELLIS UK PROPERTY PROSPECTS
651 #4 - SUBJECT ADDED ENTRY--GEOGRAPHIC NAME
Geographic name United Kingdom
Chronological subdivision
690 ## - LOCAL SUBJECT ADDED ENTRY--TOPICAL TERM (OCLC, RLIN)
Topical term or geographic name as entry element PROPERTY-COMMERCIAL PROPERTY-COMMERCIAL PROPERTY MARKET
856 40 - ELECTRONIC LOCATION AND ACCESS
Uniform Resource Identifier <a href="https://www.cbre.co.uk">https://www.cbre.co.uk</a>
Public note View the item free of charge via the UK InfoMAP facility at www.cbre.co.uk...
942 ## - ADDED ENTRY ELEMENTS (KOHA)
Suppress in OPAC 0
Holdings
Withdrawn status Lost status Source of classification or shelving scheme Damaged status Not for loan Home library Current library Shelving location Date acquired Total Checkouts Full call number Barcode Date last seen Copy number Price effective from Koha item type
    Dewey Decimal Classification     Virtual Virtual Online 13/08/2007   ONLINE PUBLICATION 139825-2001 06/08/2019 1 06/08/2019 Book